000 00331 a2200109 4500
001 ART_46681
005 20260410162040.0
008 260409a
245 1 0 _aEquidad de género del sistema tributario en la Argentina
100 1 _aRossignolo, Darío
773 0 _tRevista Cepal
_g- Nº 124 (abr. 2018)
_wREV45125
999 _c34760
_d34760